000 00362nam a2200145Ia 4500
008 210210b1968 xxu||||| |||| 00| 0 eng d
082 _a574 TAYB
100 _aTAYLOR (Gordon Rattray).
245 _aBiological time/bomb.
260 _aLondon.
_bThames & Hudson
_c1968
300 _a240
650 _aBiological time-bomb
690 _aBiology
906 _a026532
999 _c78000
_d78000